| 000 | 00460nam a22001577a 4500 | ||
|---|---|---|---|
| 003 | NUST | ||
| 038 | _a. | ||
| 082 | _a200 THE | ||
| 100 |
_aM Shahzad Khan _985086 |
||
| 110 |
_aSupervisor Dr. SHOAB AHMED KHAN _985087 |
||
| 245 | _aTH-SOF-1208-ENGG-DUAL NETWORK E PAYMENT PROTOCOL MODEL WITH TWO STEP AUTHENTICATION AND ESCROW SYSTEMS | ||
| 260 |
_aIslamabad _bNUST College of EME _c2015. |
||
| 563 | _a. | ||
| 650 |
_aMS-CSE-11 _985088 |
||
| 942 |
_cTHE _2ddc |
||
| 999 |
_c577097 _d577097 |
||